The Linux System Administrators' Guide (E-BOOK) (Record no. 191248)

000 -LEADER
fixed length control field 00883 a2200193 4500
003 - CONTROL NUMBER IDENTIFIER
control field Nust
005 - DATE AND TIME OF LATEST TRANSACTION
control field 20170207154012.0
022 ## - INTERNATIONAL STANDARD SERIAL NUMBER
International Standard Serial Number 0595137636
040 ## - CATALOGING SOURCE
Transcribing agency Nust
082 ## - DEWEY DECIMAL CLASSIFICATION NUMBER
Classification number 005.43
100 ## - MAIN ENTRY--PERSONAL NAME
Personal name Wirzenius, Lars
245 ## - TITLE STATEMENT
Title The Linux System Administrators' Guide (E-BOOK)
Remainder of title Lars Wirzenius
260 ## - PUBLICATION, DISTRIBUTION, ETC.
Place of publication, distribution, etc. Iuniverse Inc
Date of publication, distribution, etc. 2000
300 ## - PHYSICAL DESCRIPTION
Extent 109 p
490 ## - SERIES STATEMENT
Series statement Version 0.7
505 ## - FORMATTED CONTENTS NOTE
Formatted contents note Chapter 1. Introduction 2 Chapter 2. About This Book 4 Chapter 3. Overview of a Linux System 6 Chapter 4. Overview of the Directory Tree 12 Chapter 5. Device Files 22 Chapter 6. Using Disks and Other Storage Media. 26 Chapter 7. Memory Management.51 Chapter 8. Boots And Shutdowns 57 Chapter 9. init.62 Chapter 10. Logging In And Out 66 Chapter 11. Managing user accounts. 71 Chapter 12. Backups. 76 Chapter 13. Keeping Time.83 Chapter 14. Finding Help 86
650 ## - SUBJECT ADDED ENTRY--TOPICAL TERM
Topical term or geographic name entry element Linux
651 ## - SUBJECT ADDED ENTRY--GEOGRAPHIC NAME
Geographic name E-BOOK
942 ## - ADDED ENTRY ELEMENTS (KOHA)
Source of classification or shelving scheme
Koha item type Book
Holdings
Withdrawn status Lost status Source of classification or shelving scheme Damaged status Not for loan Collection code Permanent Location Current Location Date acquired Total Checkouts Full call number Barcode Date last seen Price effective from Koha item type
            Military College of Signals (MCS) Military College of Signals (MCS) 12/12/2016   005.43 LAR MCSEB-629 12/08/2016 12/12/2016 Book
            Military College of Signals (MCS) Military College of Signals (MCS) 12/12/2016   005.43 LAR MCSEB-664 12/08/2016 12/12/2016 Book
© 2023 Central Library, National University of Sciences and Technology. All Rights Reserved.